000 01406nam a2200313 c 4500
999 _c342226
_d342226
003 BLK
005 20250329154945.0
008 180911b bul|||||r ||||||| ||bul||
010 _a001865
040 _aBLK
041 _aBUL
_cBUL
080 _z886.7-94949.72
100 _aПаисий Хилендарски
_d1722-1773
_gНароден будител
_qХадживълчев, Пенко (Петър) Михаилов
_9251543
245 0 0 _aСлавянобългарска история
260 _aСофия
_bХемус
_c1938
_fР. Младенов
300 _aXIX, 120 с
_c19 см
380 _a9
490 _aЧастна колекция - Академик Михаил Арнаудов
_gДарение - Основен фонд
500 _aАвтограф с текст: На г. проф. М. Арнаудов с почит П. Динеков
650 4 _aБългарска литература
_9243597
650 _aМемоари
_9161862
655 _aбългарска история
_9396199
700 _aПаисий Хилендарски
_d1722-1773
_gНароден будител
_qХадживълчев, Пенко (Петър) Михаилов
_9251543
700 1 _aПетър Динеков
_e Ред.
_9406763
852 _aМА 1283
_bМА
942 _cKNG
_n0
_s1
944 _aCR
_c1996
_k30560
_lГеновева Генчева
999 _d342226